Keeping computers under control

Bibliographic Details
Main Author: Chammbers, Andrew
Other Authors: Hanson, Owen
Format: Book
Published: London : Gee & Co , 1975
Subjects:

MARC

LEADER 00000cam a2200000 7i4500
001 0000002900
005 20050504.0
020 |a 852581605 
040 |a INS 
090 0 0 |a HF5548.2.   |b K4 1975 
100 1 |a Chammbers, Andrew 
245 1 0 |a Keeping computers under control   |c Andrew Chambers, Owen Hanson 
260 |a London :   |b Gee & Co ,   |c 1975 
300 |a xxii, 202p. :   |b ill ;   |c 21 cm. 
650 0 0 |a Computer control 
700 1 |a Hanson, Owen 
999 |a 0000000849   |b BOOK   |c Open Shelf   |e Default branch